එසේ නොව එය මෙසේ සිදුවිය /

Ese nova eya mese siduviya
Saved in:
Bibliographic Details
Main Author: විජේතිලක, දර්ශනා ශම්මි
Format: Book
Published: මීගමුව : සමගි ප්‍රින්ට් හවුස් ඇන්ඩ් පබ්ලිෂර්ස්, 2025.
Tags: Add Tag
No Tags, Be the first to tag this record!

MARC

LEADER 00000nam a2200000 4500
003 LK-CoNLD
005 20260305141630.0
008 260305b |||||||| |||| 00| 0 ||| d
015 |2 slnb 
017 |a 506551  |b LK-CoDNA 
020 |a 9786240068932 
040 |a LK-CoNLD  |b SIN  |c LK-CoNLD  |d LK-CoNLD 
082 |2 23  |q LK-CoNLD 
100 |a විජේතිලක, දර්ශනා ශම්මි  |9 40167 
245 |6 880-1  |a එසේ නොව එය මෙසේ සිදුවිය /  |c දර්ශනා ශම්මි විජේතිලක. 
260 |a මීගමුව :  |b සමගි ප්‍රින්ට් හවුස් ඇන්ඩ් පබ්ලිෂර්ස්,  |c 2025. 
300 |a පි. 76 ;  |c සෙමී. 20.  |b කබැ-බෝක : රු. 400.00 
880 |6 245-1  |a Ese nova eya mese siduviya 
942 |c BOOK 
945 |a 21991  |b Nadeen WEERAKOON  |c 18246  |d Chamari MUTHUMALI 
999 |c 297748  |d 297748